ARRUPE JESUIT UNIVERSITY

CORONAVIRUS -STOP THE SPREAD - CLEAN,DISINFECT,COVER

Faith in education : (Record no. 124660)

MARC details
000 -LEADER
fixed length control field 01191cam a22003137a 4500
001 - CONTROL NUMBER
control field 16073016
003 - CONTROL NUMBER IDENTIFIER
control field ARRUPE
005 - DATE AND TIME OF LATEST TRANSACTION
control field 20160420151132.0
008 - FIXED-LENGTH DATA ELEMENTS--GENERAL INFORMATION
fixed length control field 100128s2009 enk b 011 0 eng
010 ## - LIBRARY OF CONGRESS CONTROL NUMBER
LC control number 2010290909
020 ## - INTERNATIONAL STANDARD BOOK NUMBER
International Standard Book Number 9780854738533 (pbk.)
020 ## - INTERNATIONAL STANDARD BOOK NUMBER
International Standard Book Number 0854738533 (pbk.)
040 ## - CATALOGING SOURCE
Original cataloging agency DLC
Transcribing agency DLC
Modifying agency DLC
050 00 - LIBRARY OF CONGRESS CALL NUMBER
Classification number LC331
Item number .F35 2009
082 00 - DEWEY DECIMAL CLASSIFICATION NUMBER
Classification number 371.071
Edition number 22
300 ## - PHYSICAL DESCRIPTION
Dimensions 24 cm.
245 00 - TITLE STATEMENT
Title Faith in education :
Remainder of title a tribute to Terence McLaughlin /
Statement of responsibility, etc edited by Graham Haydon.
260 ## - PUBLICATION, DISTRIBUTION, ETC. (IMPRINT)
Place of publication, distribution, etc London :
Name of publisher, distributor, etc Institute of Education, University of London,
Date of publication, distribution, etc 2009.
300 ## - PHYSICAL DESCRIPTION
Extent xiv, 129 p. ;
504 ## - BIBLIOGRAPHY, ETC. NOTE
Bibliography, etc Includes bibliographical references (p. 107-125) and index.
504 ## - BIBLIOGRAPHY, ETC. NOTE
Bibliography, etc "Bibliography of the writings of Terence H. McLaughlin": p. 117-125.
600 ## - SUBJECT ADDED ENTRY--PERSONAL NAME
Personal name McLaughlin, Terence H.
9 (RLIN) 4344
650 #0 - SUBJECT ADDED ENTRY--TOPICAL TERM
Topical term or geographic name as entry element Religious education.
9 (RLIN) 23959
650 #0 - SUBJECT ADDED ENTRY--TOPICAL TERM
Topical term or geographic name as entry element Church schools.
9 (RLIN) 23960
700 1# - ADDED ENTRY--PERSONAL NAME
Personal name Haydon, Graham.
9 (RLIN) 23961
700 1# - ADDED ENTRY--PERSONAL NAME
Personal name McLaughlin, Terence,
Titles and other words associated with a name Brother.
9 (RLIN) 6721
906 ## - LOCAL DATA ELEMENT F, LDF (RLIN)
a 7
b cbc
c origres
d 2
e ncip
f 20
g y-gencatlg
942 ## - ADDED ENTRY ELEMENTS (KOHA)
Source of classification or shelving scheme Library of Congress Classification
Koha item type Monograph ( Printed materials)
Holdings
Withdrawn status Lost status Source of classification or shelving scheme Damaged status Not for loan Collection code Home library Current library Shelving location Date acquired Total Checkouts Full call number Barcode Date last seen Price effective from Koha item type
    Library of Congress Classification     Main Collection ARRUPE LIBRARY ARRUPE LIBRARY Main Collection 20/04/2016   LC331 .F35 2009 46500006560 28/06/2018 20/04/2016 Monograph ( Printed materials)

 

Arrupe Library. PO Box MP320 Mt Pleasant, Harare, Zimbabwe
263 242 745411|librarian@aju.ac.zw